NLSUI OPAC header image

Law relating to custodial death and human rights (Record no. 13212)

MARC details
000 -LEADER
fixed length control field 00496nam a2200157Ia 4500
008 - FIXED-LENGTH DATA ELEMENTS--GENERAL INFORMATION
fixed length control field 160316s1998 xxu||||| |||| 00| 0 eng d
082 ## - DEWEY DECIMAL CLASSIFICATION NUMBER
Classification number 342.085000
Item number VER
100 ## - MAIN ENTRY--PERSONAL NAME
Personal name Verma R S
245 ## - TITLE STATEMENT
Title Law relating to custodial death and human rights
250 ## - EDITION STATEMENT
Edition statement
260 ## - PUBLICATION, DISTRIBUTION, ETC.
Place of publication, distribution, etc. Delhi
Name of publisher, distributor, etc. Verma Publications Pvt.Ltd.
Date of publication, distribution, etc. 1998
300 ## - PHYSICAL DESCRIPTION
Extent 357p.
Other physical details 20 cm
Dimensions xv
365 ## - TRADE PRICE
Price amount Rs.400
650 ## - SUBJECT ADDED ENTRY--TOPICAL TERM
Topical term or geographic name entry element 1.Human Rights - Custodial Death - India<br/>2.Custodial Violence - Human Rights - India
700 ## - ADDED ENTRY--PERSONAL NAME
Personal name Thockhom I B S
--
Holdings
Withdrawn status Lost status Damaged status Not for loan Home library Current library Shelving location Date acquired Cost, normal purchase price Total Checkouts Total Renewals Full call number Barcode Date last seen Date last checked out Price effective from Koha item type
        . .   30.05.2017 400.00 4 6 342.085 VER 13570 28.12.2023 28.12.2023 30.05.2017 BOOKs